[Event "GER Cup GrC Seniors 1st"]
[Site "Bad Blankenburg"]
[Date "2011.08.23"]
[Round "6"]
[White "Maetzing, Hans Dieter"]
[Black "Koch, Herbert"]
[Result "1/2-1/2"]
[WhiteElo "1771"]
[BlackElo "1682"]
[PlyCount "61"]
[EventDate "2011.08.18"]
[EventType "swiss"]
[EventRounds "7"]
[EventCountry "GER"]
[SourceTitle "CBM 144 Extra"]
[Source "ChessBase"]
[SourceDate "2011.10.28"]
[SourceVersion "1"]
[SourceVersionDate "2011.10.28"]
[SourceQuality "1"]

1. Nc3 e6 2. f4 d5 3. e4 dxe4 4. Nxe4 Nf6 5. Nxf6+ Qxf6 6. d4 Bd6 7. g3 Bd7 8. Bg2 Bc6 9. Nf3 Nd7 10. 0-0 Nb6 11. b3 Bxf3 12. Bxf3 c6 13. a4 0-0 14. a5 Nd5 15. c4 Ne7 16. Be3 Rfd8 17. Bf2 Bc5 18. Ra2 Bxd4 19. Rd2 Bxf2+ 20. Rfxf2 Nf5 21. a6 bxa6 22. Bxc6 Rab8 23. Rxd8+ Rxd8 24. Rd2 Rxd2 25. Qxd2 Qd4+ 26. Qxd4 Nxd4 27. Ba4 Kf8 28. Kf2 Ke7 29. Ke3 Nf5+ 30. Ke4 a5 31. c5 1/2-1/2

[Event "GER Cup GrC Seniors 1st"]
[Site "Bad Blankenburg"]
[Date "2011.08.20"]
[Round "3"]
[White "Engelhardt, Erhard"]
[Black "Koch, Herbert"]
[Result "1/2-1/2"]
[WhiteElo "1691"]
[BlackElo "1682"]
[PlyCount "38"]
[EventDate "2011.08.18"]
[EventType "swiss"]
[EventRounds "7"]
[EventCountry "GER"]
[SourceTitle "CBM 144 Extra"]
[Source "ChessBase"]
[SourceDate "2011.10.28"]
[SourceVersion "1"]
[SourceVersionDate "2011.10.28"]
[SourceQuality "1"]

1. f4 d5 2. Nf3 Nf6 3. e3 Bf5 4. b3 e6 5. Bb2 Be7 6. Be2 h6 7. 0-0 0-0 8. Ne5 Nbd7 9. d3 Nxe5 10. Bxe5 Nd7 11. Bb2 Bf6 12. Bxf6 Qxf6 13. Nd2 c6 14. c4 Qg6 15. e4 dxe4 16. Bh5 Qf6 17. dxe4 Bg6 18. Bxg6 Qxg6 19. Qe2 Rad8 1/2-1/2

[Event "GER-chT Seniors 18th"]
[Site "Finsterbergen"]
[Date "2009.09.18"]
[Round "7"]
[White "Lehmann, Erwin"]
[Black "Koch, Herbert"]
[Result "1-0"]
[WhiteElo "1916"]
[BlackElo "1958"]
[PlyCount "66"]
[EventDate "2009.09.12"]
[EventType "team-swiss"]
[EventRounds "7"]
[EventCountry "GER"]
[SourceTitle "CBM 132 Extra"]
[Source "ChessBase"]
[SourceDate "2009.11.03"]
[SourceVersion "1"]
[SourceVersionDate "2009.11.03"]
[SourceQuality "1"]

1. c4 Nf6 2. g3 e6 3. Bg2 d5 4. Nf3 Bd6 5. 0-0 0-0 6. b3 c5 7. d3 Nc6 8. Nbd2 Qc7 9. e3 d4 10. exd4 Nxd4 11. Nxd4 cxd4 12. a3 a5 13. Rb1 Qe7 14. Bb2 Bxa3 15. Bxd4 Rd8 16. Nf3 Ra6 17. Be5 Bd7 18. Qe2 Bc6 19. Rfd1 a4 20. Nd4 Bxg2 21. Kxg2 Bd6 22. bxa4 Rxa4 23. Nb5 Bxe5 24. Qxe5 Ne8 25. Rb3 f6 26. Qh5 Rb4 27. Rdb1 Rxb3 28. Rxb3 Nd6 29. Qc5 Nf5 30. Qxe7 Nxe7 31. Kf3 Nc6 32. Ke3 Kf8 33. Nc7 Na5 1-0

[Event "GER-chT Seniors 18th"]
[Site "Finsterbergen"]
[Date "2009.09.16"]
[Round "5"]
[White "Koch, Herbert"]
[Black "Krueger, Gerhard"]
[Result "1/2-1/2"]
[WhiteElo "1958"]
[BlackElo "2006"]
[PlyCount "77"]
[EventDate "2009.09.12"]
[EventType "team-swiss"]
[EventRounds "7"]
[EventCountry "GER"]
[SourceTitle "CBM 132 Extra"]
[Source "ChessBase"]
[SourceDate "2009.11.03"]
[SourceVersion "1"]
[SourceVersionDate "2009.11.03"]
[SourceQuality "1"]

1. d4 d5 2. Nf3 Nf6 3. Bf4 e6 4. Nbd2 Be7 5. c3 Nbd7 6. Qc2 c5 7. e3 0-0 8. h3 Nb6 9. Be2 Bd6 10. Bxd6 Qxd6 11. 0-0 Bd7 12. Ne5 Be8 13. Nd3 Nfd7 14. dxc5 Nxc5 15. Nxc5 Qxc5 16. Qd3 f6 17. Qd4 Qxd4 18. exd4 Na4 19. c4 dxc4 20. Nxc4 b5 21. Nd6 a6 22. b3 Nc3 23. Bf3 Rd8 24. Nb7 Rxd4 25. Nc5 Rd6 26. Rfc1 b4 27. a3 Nd5 28. axb4 Nxb4 29. Be2 Bb5 30. Bxb5 axb5 31. Ra5 Rb8 32. Ra7 Rc6 33. Nd3 Rxc1+ 34. Nxc1 Rd8 35. Ne2 Nd5 36. Nd4 e5 37. Ne6 Re8 38. Nxg7 Re7 39. Rxe7 1/2-1/2

[Event "GER-chT Seniors 18th"]
[Site "Finsterbergen"]
[Date "2009.09.14"]
[Round "3"]
[White "Koch, Herbert"]
[Black "Gehrmann, Rudolf Rainer"]
[Result "1/2-1/2"]
[WhiteElo "1958"]
[BlackElo "2092"]
[PlyCount "41"]
[EventDate "2009.09.12"]
[EventType "team-swiss"]
[EventRounds "7"]
[EventCountry "GER"]
[SourceTitle "CBM 132 Extra"]
[Source "ChessBase"]
[SourceDate "2009.11.03"]
[SourceVersion "1"]
[SourceVersionDate "2009.11.03"]
[SourceQuality "1"]

1. d4 Nf6 2. Nf3 g6 3. c4 Bg7 4. Nc3 0-0 5. e4 d6 6. Be2 Nbd7 7. 0-0 e5 8. dxe5 Nxe5 9. Nxe5 dxe5 10. Qxd8 Rxd8 11. Bg5 c6 12. Rad1 Be6 13. b3 h6 14. Bc1 Bf8 15. f3 Bc5+ 16. Kh1 Bd4 17. Na4 Kg7 18. Bb2 Bxb2 19. Nxb2 c5 20. Rxd8 Rxd8 21. Nd3 1/2-1/2

[Event "Jena Schwarzer Baer op"]
[Site "Jena"]
[Date "2009.02.05"]
[Round "2"]
[White "Koch, Herbert"]
[Black "Schmidt, Lothar"]
[Result "1/2-1/2"]
[WhiteElo "1968"]
[BlackElo "2082"]
[PlyCount "22"]
[EventDate "2009.02.04"]
[EventType "swiss"]
[EventRounds "7"]
[EventCountry "GER"]
[SourceTitle "EXT 2010"]
[Source "ChessBase"]
[SourceDate "2010.11.25"]
[SourceVersion "1"]
[SourceVersionDate "2010.11.25"]
[SourceQuality "1"]

1. f4 d5 2. Nf3 g6 3. g3 Bg7 4. Bg2 Nc6 5. c3 Nh6 6. d4 Bf5 7. Nbd2 Ng4 8. Nf1 h5 9. h3 Nf6 10. Ne5 Nxe5 11. fxe5 Ne4 1/2-1/2

[Event "Jena Fair op 8th"]
[Site "Jena"]
[Date "2008.10.16"]
[Round "4"]
[White "Reichelt, Holger"]
[Black "Koch, Herbert"]
[Result "1/2-1/2"]
[WhiteElo "1905"]
[BlackElo "1968"]
[PlyCount "122"]
[EventDate "2008.10.15"]
[EventType "swiss"]
[EventRounds "9"]
[EventCountry "GER"]
[SourceTitle "EXT 2009"]
[Source "ChessBase"]
[SourceDate "2008.11.26"]
[SourceVersion "1"]
[SourceVersionDate "2008.11.26"]
[SourceQuality "1"]

1. d4 Nf6 2. Nf3 c5 3. c3 e6 4. Bg5 d5 5. e3 cxd4 6. exd4 Be7 7. Bd3 h6 8. Bh4 Bd7 9. Nbd2 Nc6 10. h3 Qc7 11. Qe2 Nh7 12. Bxe7 Nxe7 13. Ne5 Nf6 14. Ndf3 Nc6 15. Nxc6 Bxc6 16. Ne5 Qe7 17. 0-0 Nd7 18. Rfe1 Qf6 19. Qg4 Nxe5 20. Rxe5 0-0-0 21. b4 g5 22. b5 Bd7 23. a4 Qf4 24. Qxf4 gxf4 25. a5 f6 26. Re2 Rde8 27. b6 axb6 28. axb6 Bc6 29. Bg6 f3 30. Re3 Reg8 31. Rxf3 Rf8 32. Re3 Kd7 33. Rae1 Rhg8 34. Bd3 Re8 35. f4 Kd6 36. R3e2 Bd7 37. c4 dxc4 38. Bxc4 Re7 39. d5 e5 40. fxe5+ fxe5 41. Kh2 Rc8 42. Ba2 Ra8 43. Rf2 Kc5 44. Rb1 e4 45. Rc2+ Kd6 46. Kg1 e3 47. Re1 Ra3 48. Bc4 Be8 49. Rf1 Rf7 50. Re1 Rf4 51. g3 Rd4 52. Kg2 Ba4 53. Rcc1 Rd2+ 54. Re2 Rxe2+ 55. Bxe2 Rb3 56. Kf3 Rxb6 57. Kxe3 Kxd5 58. Bf3+ Ke5 59. Rc5+ Kf6 60. Rc4 Rb3+ 61. Kf4 b5 1/2-1/2

[Event "GER-chT Seniors 17th"]
[Site "Berlin"]
[Date "2008.09.03"]
[Round "4"]
[White "Krueger, Gerhard"]
[Black "Koch, Herbert"]
[Result "1/2-1/2"]
[WhiteElo "2015"]
[BlackElo "1979"]
[PlyCount "56"]
[EventDate "2008.08.31"]
[EventType "team-swiss"]
[EventRounds "7"]
[EventCountry "GER"]
[SourceTitle "CBM 126 Extra"]
[Source "ChessBase"]
[SourceDate "2008.11.05"]
[SourceVersion "1"]
[SourceVersionDate "2008.11.05"]
[SourceQuality "1"]

1. e4 e6 2. d4 d5 3. exd5 exd5 4. Bd3 Bd6 5. Ne2 Ne7 6. c3 c6 7. Bf4 Bf5 8. Bxf5 Nxf5 9. 0-0 0-0 10. Qd3 Bxf4 11. Qxf5 Bc7 12. Nd2 Qd6 13. Nf3 Nd7 14. Ng3 g6 15. Qg5 Rae8 16. Rfe1 Qf4 17. Qxf4 Bxf4 18. Nf1 f6 19. g3 Bh6 20. N1d2 Bxd2 21. Nxd2 Kf7 22. f4 Rxe1+ 23. Rxe1 Re8 24. Rxe8 Kxe8 25. Kf2 Ke7 26. Ke3 Ke6 27. Nf3 Nb6 28. b3 Nc8 1/2-1/2

[Event "GER-ch Seniors-A 20th"]
[Site "Erfurt"]
[Date "2008.08.13"]
[Round "9"]
[White "Koch, Herbert"]
[Black "Schwertel, Johann"]
[Result "0-1"]
[WhiteElo "1763"]
[BlackElo "1846"]
[PlyCount "59"]
[EventDate "2008.08.05"]
[EventType "swiss"]
[EventRounds "9"]
[EventCountry "GER"]
[SourceTitle "CBM 126 Extra"]
[Source "ChessBase"]
[SourceDate "2008.11.05"]
[SourceVersion "1"]
[SourceVersionDate "2008.11.05"]
[SourceQuality "1"]

1. d4 d5 2. Nf3 Nf6 3. Bf4 c6 4. c3 Bf5 5. e3 Nbd7 6. Bd3 Bg6 7. Bxg6 hxg6 8. h3 Qb6 9. Qb3 e6 10. Nbd2 Be7 11. a4 c5 12. dxc5 Bxc5 13. a5 Qa6 14. c4 0-0 15. 0-0 Rac8 16. Qb5 Qxb5 17. cxb5 Bb4 18. Ra4 Bxd2 19. Nxd2 Rc2 20. Nb3 Rxb2 21. Rb4 Rc8 22. Bd6 Ne4 23. Be7 Re8 24. Nd4 Ra2 25. a6 Rxe7 26. axb7 Nd6 27. Rc1 Nc4 28. Rbxc4 dxc4 29. Rxc4 Re8 30. Rc7 0-1

[Event "GER-ch Seniors-A 20th"]
[Site "Erfurt"]
[Date "2008.08.06"]
[Round "2"]
[White "Nadenau, Oskar"]
[Black "Koch, Herbert"]
[Result "1/2-1/2"]
[WhiteElo "1743"]
[BlackElo "1763"]
[PlyCount "26"]
[EventDate "2008.08.05"]
[EventType "swiss"]
[EventRounds "9"]
[EventCountry "GER"]
[SourceTitle "CBM 126 Extra"]
[Source "ChessBase"]
[SourceDate "2008.11.05"]
[SourceVersion "1"]
[SourceVersionDate "2008.11.05"]
[SourceQuality "1"]

1. c4 Nf6 2. d4 c5 3. Nf3 cxd4 4. Nxd4 Nc6 5. Nc3 g6 6. e3 Bg7 7. Nxc6 bxc6 8. Be2 d5 9. cxd5 cxd5 10. Bb5+ Bd7 11. Qa4 a6 12. Bxd7+ Qxd7 13. Qxd7+ Kxd7 1/2-1/2

[Event "Jena Schwarzer Baer op"]
[Site "Jena"]
[Date "2007.02.06"]
[Round "7"]
[White "Neumann, Thomas"]
[Black "Koch, Herbert"]
[Result "0-1"]
[WhiteElo "1656"]
[BlackElo "1996"]
[PlyCount "112"]
[EventDate "2007.02.03"]
[EventType "swiss"]
[EventRounds "7"]
[EventCountry "GER"]
[SourceTitle "EXT 2008"]
[Source "ChessBase"]
[SourceDate "2007.11.25"]
[SourceVersion "1"]
[SourceVersionDate "2007.11.25"]
[SourceQuality "1"]

1. e4 e6 2. d4 d5 3. Nc3 dxe4 4. Nxe4 Bd7 5. Nf3 Bc6 6. Bd3 Nd7 7. 0-0 Ngf6 8. Re1 Nxe4 9. Bxe4 Bxe4 10. Rxe4 c6 11. Bf4 Nf6 12. Re2 Bd6 13. Bg5 h6 14. Bh4 g5 15. Bg3 Bxg3 16. fxg3 Qc7 17. Qf1 Rh7 18. Nxg5 hxg5 19. Qxf6 Qe7 20. Qxe7+ Kxe7 21. g4 Rd8 22. c3 Rd5 23. Rf1 c5 24. dxc5 Rxc5 25. Rf5 Rxf5 26. gxf5 Rh4 27. g3 Rc4 28. Re3 Kf6 29. fxe6 fxe6 30. b3 Rc5 31. h4 gxh4 32. gxh4 Rd5 33. Kf2 Rd2+ 34. Re2 Rd3 35. Re3 Rd2+ 36. Kg3 Rxa2 37. Kg4 Ra3 38. c4 a5 39. h5 a4 40. Rf3+ Kg7 41. Kg5 Rxb3 42. h6+ Kg8 43. Rf2 a3 44. Kg6 Rg3+ 45. Kf6 Kh7 46. Kxe6 Kxh6 47. Kd5 Kg5 48. Kc5 Rb3 49. Ra2 Kf4 50. Kd6 Ke4 51. c5 Kd4 52. Ra1 Kc3 53. Kc7 Kb2 54. Rh1 a2 55. Rh2+ Ka3 56. Rh8 a1Q 0-1

[Event "Jena Schwarzer Baer op"]
[Site "Jena"]
[Date "2007.02.03"]
[Round "2"]
[White "Hess, Juergen"]
[Black "Koch, Herbert"]
[Result "1-0"]
[WhiteElo "1879"]
[BlackElo "1996"]
[PlyCount "109"]
[EventDate "2007.02.03"]
[EventType "swiss"]
[EventRounds "7"]
[EventCountry "GER"]
[SourceTitle "EXT 2008"]
[Source "ChessBase"]
[SourceDate "2007.11.25"]
[SourceVersion "1"]
[SourceVersionDate "2007.11.25"]
[SourceQuality "1"]

1. e4 e6 2. d4 d5 3. Nd2 dxe4 4. Nxe4 Bd7 5. Nf3 Bc6 6. Bd3 Nd7 7. c3 Be7 8. 0-0 Ngf6 9. Re1 Nxe4 10. Bxe4 Bxe4 11. Rxe4 0-0 12. Re2 c6 13. Bf4 Nf6 14. Qb3 Qb6 15. Qxb6 axb6 16. h3 b5 17. Ne5 Rfd8 18. a3 b4 19. a4 Ra6 20. a5 Rd5 21. Nc4 bxc3 22. bxc3 Rb5 23. Rb2 Rxb2 24. Nxb2 Nd5 25. Bd2 b5 26. c4 Nb4 27. cxb5 cxb5 28. Rc1 h6 29. Rc7 Nd5 30. Rb7 Bf6 31. Rxb5 Bxd4 32. Nc4 Nc3 33. Bxc3 Bxc3 34. Rb6 Ra7 35. a6 Bd4 36. Rc6 Kf8 37. Nd6 Ra8 38. Rc8+ Rxc8 39. Nxc8 Ke8 40. a7 Bxa7 41. Nxa7 Kd7 42. Nb5 Kc6 43. Nd4+ Kd5 44. Nf3 Ke4 45. Kf1 g5 46. Ke2 f5 47. Nd2+ Kd4 48. Nb3+ Ke4 49. f3+ Kf4 50. Kf2 g4 51. g3+ Kg5 52. fxg4 fxg4 53. h4+ Kf5 54. Ke3 Ke5 55. Nc5 1-0

[Event "Thueringen-ch"]
[Site "Jena"]
[Date "2006.04.13"]
[Round "3"]
[White "Koch, Herbert"]
[Black "Kretzschmar, Bernd"]
[Result "1/2-1/2"]
[WhiteElo "2023"]
[BlackElo "2046"]
[PlyCount "37"]
[EventDate "2006.04.12"]
[EventType "swiss"]
[EventRounds "9"]
[EventCountry "GER"]
[SourceTitle "EXT 2007"]
[Source "ChessBase"]
[SourceDate "2006.11.23"]
[SourceVersion "1"]
[SourceVersionDate "2006.11.23"]
[SourceQuality "1"]

1. d4 g6 2. Nf3 Bg7 3. e4 d6 4. Be2 Nf6 5. Nbd2 0-0 6. 0-0 Nbd7 7. c3 h6 8. Qc2 e5 9. dxe5 Nxe5 10. Nxe5 dxe5 11. Nc4 Re8 12. Rd1 Bd7 13. b3 Qc8 14. Ne3 Be6 15. Ba3 Bf8 16. Bxf8 Rxf8 17. Rd2 Rd8 18. Rad1 Rxd2 19. Rxd2 1/2-1/2

[Event "GER-chT Seniors 13th"]
[Site "Dresden"]
[Date "2004.08.02"]
[Round "2"]
[White "Wiemer, Juergen"]
[Black "Koch, Herbert"]
[Result "1/2-1/2"]
[WhiteElo "2127"]
[BlackElo "2050"]
[PlyCount "77"]
[EventDate "2004.08.01"]
[EventType "team"]
[EventRounds "7"]
[EventCountry "GER"]
[SourceTitle "CBM 103 Extra"]
[Source "ChessBase"]
[SourceDate "2005.01.01"]
[SourceVersion "1"]
[SourceVersionDate "2005.01.01"]
[SourceQuality "1"]

1. e4 e6 2. d3 d5 3. Nd2 c5 4. f4 Nc6 5. Ngf3 Nf6 6. e5 Ng4 7. Qe2 h5 8. h3 Nh6 9. g4 Be7 10. Rg1 hxg4 11. hxg4 Bd7 12. Nb3 b6 13. Be3 Qc7 14. 0-0-0 0-0-0 15. Nbd2 d4 16. Bf2 Nb4 17. Kb1 Nd5 18. Ne4 Nxf4 19. Qd2 Ng6 20. c3 dxc3 21. bxc3 Bc6 22. Qe3 Nxe5 23. Bg3 Qb7 24. Nxe5 Bxe4 25. Be2 Bd5 26. Rgf1 Bf6 27. c4 Bg2 28. Rf2 Rd4 29. g5 Bxg5 30. Qxg5 f6 31. Qg6 fxe5 32. Qxe6+ Rd7 33. Bxe5 Qc6 34. Qxc6+ Bxc6 35. Rg1 Re7 36. Bf3 Rg8 37. Bh5 Be8 38. Be2 Bd7 39. Rg5 1/2-1/2

[Event "GER-chT Seniors 13th"]
[Site "Dresden"]
[Date "2004.08.01"]
[Round "1"]
[White "Koch, Herbert"]
[Black "Kock, Hans Uwe"]
[Result "1/2-1/2"]
[WhiteElo "2050"]
[BlackElo "2172"]
[PlyCount "55"]
[EventDate "2004.08.01"]
[EventType "team"]
[EventRounds "7"]
[EventCountry "GER"]
[SourceTitle "CBM 103 Extra"]
[Source "ChessBase"]
[SourceDate "2005.01.01"]
[SourceVersion "1"]
[SourceVersionDate "2005.01.01"]
[SourceQuality "1"]

1. d4 Nf6 2. c4 g6 3. Nc3 Bg7 4. e4 d6 5. f4 0-0 6. Nf3 c5 7. d5 e6 8. Bd3 exd5 9. cxd5 b5 10. Bxb5 Nxe4 11. Nxe4 Qa5+ 12. Kf2 Qxb5 13. Nxd6 Qd7 14. Nxc8 Rxc8 15. Re1 Rd8 16. Rb1 Na6 17. Be3 Qxd5 18. Qxd5 Rxd5 19. Bd2 Nb4 20. Bxb4 cxb4 21. b3 Rad8 22. Re7 Ra5 23. Re2 Bc3 24. Rc1 f6 25. Rcc2 Kf7 26. Re4 Re8 27. Rxe8 Kxe8 28. Nd2 1/2-1/2

[Event "GER-chT Seniors 12th"]
[Site "Finsterbergen"]
[Date "2003.08.14"]
[Round "5.1"]
[White "Wiemer, Juergen"]
[Black "Koch, Herbert"]
[Result "1/2-1/2"]
[WhiteElo "2162"]
[BlackElo "2061"]
[PlyCount "40"]
[EventDate "2003.08.10"]
[EventType "team"]
[EventRounds "7"]
[EventCountry "GER"]
[SourceTitle "EXT 2012"]
[Source "ChessBase"]
[SourceDate "2011.11.24"]
[SourceVersion "1"]
[SourceVersionDate "2011.11.24"]
[SourceQuality "1"]
[WhiteTeam "Mecklenburg Vorpommern"]
[BlackTeam "Thueringen III"]
[WhiteTeamCountry "GER"]
[BlackTeamCountry "GER"]

1. e4 e6 2. d4 d5 3. Nc3 dxe4 4. Nxe4 Bd7 5. Bd3 Bc6 6. Nf3 Nd7 7. 0-0 Ngf6 8. Ng3 Be7 9. Ne5 Nxe5 10. dxe5 Qd5 11. f3 Qxe5 12. Re1 Qd6 13. Qe2 0-0 14. Be3 Nd5 15. Ne4 Qe5 16. c3 Nxe3 17. Qxe3 Bxe4 18. Qxe4 Qxe4 19. Bxe4 c6 20. Rad1 Rfd8 1/2-1/2

[Event "GER-chT Seniors 12th"]
[Site "Finsterbergen"]
[Date "2003.08.11"]
[Round "2.2"]
[White "Kelchner, Hans"]
[Black "Koch, Herbert"]
[Result "1-0"]
[WhiteElo "2154"]
[BlackElo "2061"]
[PlyCount "92"]
[EventDate "2003.08.10"]
[EventType "team"]
[EventRounds "7"]
[EventCountry "GER"]
[SourceTitle "EXT 2012"]
[Source "ChessBase"]
[SourceDate "2011.11.24"]
[SourceVersion "1"]
[SourceVersionDate "2011.11.24"]
[SourceQuality "1"]
[WhiteTeam "Rheinland Pfalz"]
[BlackTeam "Thueringen III"]
[WhiteTeamCountry "GER"]
[BlackTeamCountry "GER"]

1. d4 Nf6 2. c4 c5 3. Nf3 g6 4. Nc3 cxd4 5. Nxd4 Bg7 6. g3 Nc6 7. Bg2 0-0 8. 0-0 Nxd4 9. Qxd4 d6 10. Qd3 Rb8 11. h3 Bd7 12. e4 Bc6 13. Be3 b6 14. Rac1 Nd7 15. b4 a6 16. f4 b5 17. Rfd1 bxc4 18. Qxc4 Bb5 19. Nxb5 axb5 20. Qc6 Qc8 21. e5 Qxc6 22. Bxc6 Nb6 23. exd6 exd6 24. Bxb5 Rfd8 25. Rc6 Nc8 26. a4 d5 27. Bc5 Bf8 28. Kf2 Nd6 29. Bd3 f5 30. Bxd6 Rxd6 31. Rxd6 Bxd6 32. b5 Ra8 33. Bc2 d4 34. Bb3+ Kf8 35. Rc1 Ke7 36. Ke2 g5 37. Kd3 gxf4 38. gxf4 Bxf4 39. Rf1 Be3 40. Rxf5 Rc8 41. Bc4 Ra8 42. b6 Rxa4 43. b7 Rb4 44. Rf7+ Kd6 45. Rxh7 Kc6 46. Ke4 Rb1 1-0

[Event "Mecklenburg VP-ch Seniors 01st"]
[Site "Plau am See"]
[Date "2001.10.07"]
[Round "3"]
[White "Koch, Herbert"]
[Black "Krafzik, Joachim"]
[Result "0-1"]
[WhiteElo "1857"]
[BlackElo "2119"]
[PlyCount "144"]
[EventDate "2001.10.??"]
[EventType "swiss"]
[EventRounds "9"]
[EventCountry "GER"]
[SourceTitle "EXT 2006"]
[Source "ChessBase"]
[SourceDate "2005.11.24"]
[SourceVersion "1"]
[SourceVersionDate "2005.11.24"]
[SourceQuality "1"]

1. d4 f5 2. g3 Nf6 3. Bg2 e6 4. c4 c6 5. Nc3 d5 6. b3 Bd6 7. Nh3 0-0 8. Bf4 Bb4 9. Qc2 Ne4 10. Bxe4 fxe4 11. Be5 Nd7 12. 0-0 Nxe5 13. dxe5 Qc7 14. a3 Be7 15. f4 exf3 16. exf3 Qxe5 17. Kg2 Bf6 18. Rac1 Qd6 19. Nb1 Bd7 20. Nd2 Qxa3 21. f4 Qd6 22. Nf3 g6 23. Rce1 Rae8 24. c5 Qc7 25. Ne5 Bc8 26. g4 Bxe5 27. fxe5 Rxf1 28. Kxf1 Qe7 29. g5 Rf8+ 30. Kg2 Rf5 31. Qc3 Qc7 32. Rf1 Qxe5 33. Qa5 Rxf1 34. Kxf1 Qf5+ 35. Kg2 e5 36. Qd8+ Qf8 37. Qc7 Qe8 38. Ng1 e4 39. Ne2 Qd7 40. Qe5 Qf5 41. Qg3 Qg4 42. Nd4 Kf7 43. Qxg4 Bxg4 44. Kg3 Bd7 45. b4 b6 46. Nb3 Ke7 47. Kf4 bxc5 48. bxc5 Bf5 49. Ke3 Kd7 50. h4 Bg4 51. Kf4 Bd1 52. Na5 Ba4 53. Nb7 Bb5 54. Na5 Kc7 55. Ke3 Kd7 56. Kf4 Ke6 57. Nb3 Ba4 58. Na5 e3 59. Kxe3 Ke5 60. Nb7 d4+ 61. Kd3 Bb5+ 62. Kd2 Kd5 63. Nd6 Kxc5 64. Ne4+ Kd5 65. Nf6+ Ke6 66. Nxh7 Kf5 67. Nf8 c5 68. Kc2 a5 69. Nh7 a4 70. Nf6 Bc6 71. Ng8 Kg4 72. Ne7 Be4+ 0-1

[Event "Mecklenburg VP-ch Seniors 01st"]
[Site "Plau am See"]
[Date "2001.10.06"]
[Round "2"]
[White "Wunderer, Eckart"]
[Black "Koch, Herbert"]
[Result "1/2-1/2"]
[WhiteElo "2151"]
[BlackElo "1857"]
[PlyCount "66"]
[EventDate "2001.10.??"]
[EventType "swiss"]
[EventRounds "9"]
[EventCountry "GER"]
[SourceTitle "EXT 2006"]
[Source "ChessBase"]
[SourceDate "2005.11.24"]
[SourceVersion "1"]
[SourceVersionDate "2005.11.24"]
[SourceQuality "1"]

1. d4 c5 2. dxc5 e6 3. Nc3 Bxc5 4. e4 Ne7 5. Bd3 Nbc6 6. Nf3 d5 7. 0-0 0-0 8. Ng5 g6 9. exd5 Nxd5 10. Nce4 Be7 11. Nf3 e5 12. Bh6 Re8 13. Bc4 Be6 14. Neg5 Bxg5 15. Nxg5 Nc7 16. Nxe6 Nxe6 17. Qg4 Qd4 18. Bxe6 Rxe6 19. Qe2 Qh4 20. Be3 Rd8 21. c3 Red6 22. f4 Qe7 23. Bc5 e4 24. Bxd6 Rxd6 25. Rad1 f5 26. Qe3 b6 27. g3 Nd8 28. Rxd6 Qxd6 29. Rf2 Ne6 30. Rd2 Qc6 31. b4 Kf7 32. Kf2 Ke7 33. Qe2 Qxc3 1/2-1/2

[Event "GER-chT Seniors 09th"]
[Site "Halle"]
[Date "2000.08.20"]
[Round "1.1"]
[White "Koch, Herbert"]
[Black "Fahnenschmidt, Gerhard"]
[Result "1-0"]
[WhiteElo "1868"]
[BlackElo "2225"]
[PlyCount "109"]
[EventDate "2000.08.20"]
[EventType "team"]
[EventRounds "7"]
[EventCountry "GER"]
[SourceTitle "EXT 2002"]
[Source "ChessBase"]
[SourceDate "2001.11.25"]
[SourceVersion "1"]
[SourceVersionDate "2001.11.25"]
[SourceQuality "1"]

1. d4 d5 2. Nf3 e6 3. Bf4 c5 4. e3 Nc6 5. c3 Nf6 6. Bd3 Bd6 7. dxc5 Bxf4 8. exf4 a5 9. Nd4 Bd7 10. Nd2 0-0 11. N2f3 Qe7 12. Nxc6 bxc6 13. b4 axb4 14. cxb4 Rfb8 15. Qd2 Ra4 16. Rb1 Ne4 17. Bxe4 dxe4 18. Ne5 Be8 19. 0-0 f6 20. Nc4 Bg6 21. Rb2 Rd8 22. Nd6 Qa7 23. Ra1 Ra3 24. Qe2 Rd3 25. a4 f5 26. h3 e5 27. fxe5 f4 28. Rd2 f3 29. Qe1 Qe7 30. Rxd3 Qg5 31. Rxf3 exf3 32. g3 Qh5 33. Kh2 Bd3 34. Qe3 Rxd6 35. g4 Qh4 36. exd6 Be4 37. d7 h5 38. d8Q+ Qxd8 39. Qxe4 hxg4 40. Qxg4 Qf6 41. Rg1 Qe5+ 42. Qg3 Qf6 43. Qxg7+ Qxg7 44. Rxg7+ Kxg7 45. Kg3 Kf6 46. a5 Ke6 47. a6 Kd5 48. a7 Kc4 49. a8Q Kxb4 50. Qxc6 Kc4 51. Qd6 Kb5 52. c6 Kb6 53. Qd7 Ka6 54. c7 Kb6 55. c8Q 1-0